A Wienerberger Zrt. vagyoni-, pénzügyi- és jövedelmezőségi helyzetének értékelése több év beszámolói alapján

Bibliográfiai részletek
Szerző: Prajner Zsuzsanna
További közreműködők: Szabó Szabolcs
Dokumentumtípus: Diplomadolgozat
Kulcsszavak:Vagyoni, pénzügyi, jövedelmezőségi elemzés
külső mérlegelemzés
építőipar
Online Access:http://dolgozattar.uni-bge.hu/12974

MARC

LEADER 00000nta a2200000 i 4500
001 dolg12974
005 20171124164557.0
008 171124suuuu hu om 000 hun d
040 |a BGE Dolgozattár Repozitórium  |b hun 
041 |a hu 
100 1 |a Prajner Zsuzsanna 
245 1 2 |a A Wienerberger Zrt. vagyoni-, pénzügyi- és jövedelmezőségi helyzetének értékelése több év beszámolói alapján  |c Prajner Zsuzsanna  |h [elektronikus dokumentum] 
520 3 |a A Wienerberger Zrt. vagyoni-, pénzügyi- és jövedelmezőségi helyzetének értékelése több év beszámolói alapján 
695 |a Vagyoni, pénzügyi, jövedelmezőségi elemzés 
695 |a külső mérlegelemzés 
695 |a építőipar 
700 1 |a Szabó Szabolcs  |e ths 
856 4 0 |u http://dolgozattar.uni-bge.hu/12974/1/Szakdolgozat_Prajner%20Zsuzsanna2017_al%C3%A1%C3%ADrt.pdf  |z Dokumentum-elérés